Losas con armadura diagonal

Kaydedildi:
Detaylı Bibliyografya
Yazar: Bustamante, Rodrigo
Materyal Türü: Bilinmiyor
Baskı/Yayın Bilgisi: [San José, Costa Rica] 1949
Konular:
Etiketler: Etiketle
Etiket eklenmemiş, İlk siz ekleyin!

MARC

LEADER 00000 a2200000 4500
003 010969
005 20221231143800.0
008 140114s1949 c a m 000 ||s d
040 |c cru CEDI 
090 |a TFG 033 
100 |a Bustamante, Rodrigo  |9 17034 
245 |a Losas con armadura diagonal 
260 |c 1949  |a  [San José, Costa Rica] 
300 |a  54 hojas : ilustraciones, cuadros ; 28 cm  
500 |a  Tesis (Ingeniero Civil) Universidad de Costa Rica.  
501 |a  Ed. mecanografiada.  
650 |x CONSTRUCCIONES DE HORMIGON  |9 17035 
942 |c TFG 
999 |c 11906  |d 11906